000 00335nam a2200133Ia 4500
008 100328s9999 xx 000 0 und d
082 _b20444
100 _aकिर गिरीजा
245 _aदर्शन
260 _bहेमचंद्र
630 _aदर्शन
730 _aदर्शन
942 _cBOOK
999 _c514585
_d514582